Směrnice pro organisaci technické kontroly a zmetkové řízení

Gespeichert in:
Bibliographische Detailangaben
Format: Buch
Sprache:Tschechisch
Veröffentlicht: Praha Československé závody kovodělné a strojírenské 1949
Ausgabe:2. doplněné vydání
Tags: Tag hinzufügen
Keine Tags, Fügen Sie das erste Tag hinzu!

MARC

LEADER 00000nam a2200000 4500
001 0307972
005 20250403104735.3
041 0 |a cze 
044 |a CZ 
245 1 0 |a Směrnice pro organisaci technické kontroly a zmetkové řízení 
250 |a 2. doplněné vydání 
264 1 |a Praha  |b Československé závody kovodělné a strojírenské  |c 1949